000 00634cam a22001937a 4500
001 2537109
005 20260422133636.0
007 hd|afb---bacp
007 hd|bfb---baap
008 931015s1967 mau a 000 0 eng
050 0 0 _aMicrofilm 93/4642 (E)
100 1 _aLiebow, Elliot.
245 1 0 _aTally's corner
_h[microform] :
_ba study of Negro streetcorner men /
_cby Elliot Liebow ; with a foreword by Hylan Lewis.
260 _aBoston :
_bLittle, Brown,
_cc1967.
300 _axvii, 260 p. ;
_c21 cm.
500 _aCall number of original: E185.93.D6L5 1967.
500 _aMaster microform held by: DLC.
942 _2lcc
_cBK
_n0
999 _c9471
_d9471